000 00556nam a2200217 a 4500
999 _c5003
_d5003
001 5003
003 BD-JhCC
005 20171206183238.0
008 831221s1981 enk | |||| ||eng||
020 _a0140009086
035 _a(BD-JhCC)5003
040 _aBD-JhCC
_dBD-JhCC
041 _aeng
082 _a823.914
_bBUC 1981
100 1 _aBuchan, John,
_d1875-1940.
245 1 4 _aThe three hostages /
_cJohn Buchan.
260 _aHarmondsworth :
_bPenguin,
_c1953
_g(1981 [printing])
300 _a282p ;
_c18cm.
650 _aAdventure
942 _2ddc
_cBK